| 000 | 00883cam a2200265 a 4500 | ||
|---|---|---|---|
| 001 | 000008607 | ||
| 005 | 20200929161354.0 | ||
| 008 | 810821s1979 sp 000 0 spa | ||
| 015 | _aSp*** | ||
| 020 | _a8434603144 | ||
| 040 |
_aDO-SdBNP _bspa _cDLC _dDLC _dBNPHU |
||
| 082 |
_aPR864.42 _bP371in |
||
| 100 | 1 |
_aPedreira, Antonio Salvador _d1899-1939 _q(Antonio Salvador Pedreira Pizarro) _923035 |
|
| 245 | 1 | 0 |
_aInsularismo / _cAntonio S. Pedreira. |
| 260 |
_aBarcelona, (España) : _bVosgos, _c1979. |
||
| 300 |
_a162 p. ; _c17 cm. |
||
| 490 | 1 |
_aGrandes maestros _v102 |
|
| 650 | 4 |
_aEnsayos puertorriqueños _98892 |
|
| 650 | 4 |
_aInsularismo _xCrítica e interpretación _923036 |
|
| 650 | 4 |
_aLiteratura puertorriqueña _9250 |
|
| 651 | 4 |
_aPuerto Rico _xCivilización _913570 |
|
| 830 | 0 |
_aGrandes maestros ; _v102 _923037 |
|
| 910 | _aCatalogación por copia / LC | ||
| 049 | _aBNGR | ||
| 999 |
_c8377 _d8377 |
||